000 01775cam a22003374a 4500
001 15446816
005 20160129115258.0
008 080909s2010 njua b 001 0 eng
010 _a 2008039706
015 _aGBA900730
_2bnb
016 7 _a101483833
_2DNLM
016 7 _a014864226
_2Uk
020 _a9780135038109
020 _a0135038103
035 _a(OCoLC)ocn248347980
040 _aDNLM/DLC
_cDLC
_dNLM
_dYDXCP
_dC#P
_dCDX
_dUKM
_dBTCTA
_dDLC
042 _apcc
050 0 0 _aRC 954 .T33 2010
082 0 0 _a618.97/0231
_222
100 1 _aTabloski, Patricia A.
245 1 0 _aGerontological nursing /
_cPatricia A. Tabloski.
250 _a2nd ed.
260 _aUpper Saddle River, N.J. :
_bPearson,
_cc2010.
300 _axxiv, 912 p. :
_bcol. ill. ;
_c26 cm.
504 _aIncludes bibliographical references and index.
505 0 _aPrinciples of gerontology -- Gerontological nursing issues -- Principles of geriatrics -- Cultural diversity -- Nutrition and aging -- Pharmacology and older adults -- Psychological and cognitive function -- Sleep and the older adult -- Pain management -- Violence and elder mistreatment -- Care at the end of life -- The integument -- The mouth and oral cavity -- Sensation : hearing, vision, taste, touch, and smell -- The cardiovascular system -- The respiratory system -- The genitourinary and renal systems -- The musculoskeletal system -- The endocrine system -- The gastrointestinal system -- The hematologic system -- The neurologic system -- The immune system -- Multisystem problems : caring for frail elders with comorbidities.
650 0 _aGeriatric nursing.
650 1 2 _aGeriatric Nursing.
906 _a7
_bcbc
_corignew
_d1
_eecip
_f20
_gy-gencatlg
942 _2lcc
_cBOOKS
_hRC 954 .T33 2010
999 _c10169
_d10169